000 00580nam a2200241 a 4500
001 nice12345678
003 IN_TiNIC
005 20260116011513.0
008 050524s1952 dela grp 000 0 urd
020 _a
_c100
082 0 0 _a297.5
_bAHM3
100 _aAhmed, Nazeer
245 _aAl-Huqooq Wal Faraiz
260 _aDelhi
_bPayam-E-mashriq Book Depot
_c1952
300 _a226p
500 _aincludes index and biblioraphy
505 2 _aArchives
650 _aIslam-Moral Theology
700 1 _aAhmed, Nazeer
902 _bRBA
942 _cBK
999 _c2112
_d2112